000 00576nam a2200229Ia 4500
003 OSt
005 20220928141511.0
006 a|||||r|||| 00| 0
007 ta
008 220927b |||||||| |||| 00| 0 eng d
024 _a15598
037 _cTextual
040 _aSDCL
_cSDCL
_beng
041 _2eng
_aeng
082 _aWv53'N6, L4
100 _aPotts D C
_9500625
245 0 _aFrench thought since 1600
260 _c1974
700 _a Charlton D G
_9500626
942 _hWv53'N6, L4
_cTEXL
_2CC
999 _c817988
_d817988